| 000 | 00364nam a2200121Ia 4500 | ||
|---|---|---|---|
| 008 | 190722s9999 xx 000 0 und d | ||
| 020 | _a978-93-325-1869-8 | ||
| 100 | _aRussell, Norvig | ||
| 245 | 0 | _aArtificial Intelligence (A Modern Approach) | |
| 260 |
_aNew Delhi _bPearson (Indian Ed.) Pvt. Ltd. Dorling Kindersley Pvt. Ltd. _c2014 |
||
| 300 | _a1092 | ||
| 942 | _cBK | ||
| 999 |
_c356 _d356 |
||